BIBLIOTECA

SENCICO

Diseño de mezclas asfálticas en caliente "método Marshall" / (Registro nro. 4259)

Detalles MARC
000 -LEADER
fixed length control field 01155nam a22002537a 4500
003 - CONTROL NUMBER IDENTIFIER
control field PE SENCICO BE
005 - DATE AND TIME OF LATEST TRANSACTION
control field 20251020182640.0
008 - FIXED-LENGTH DATA ELEMENTS--GENERAL INFORMATION
fixed length control field 230724b |||||||| |||| 00| 0 eng d
040 ## - CATALOGING SOURCE
Original cataloging agency PE SENCICO BE
Transcribing agency PE SENCICO BE
084 ## - OTHER CLASSIFICATION NUMBER
Classification number I
-- LAB
-- 2013
Item number T83
100 1# - MAIN ENTRY--PERSONAL NAME
9 (RLIN) 1260
Personal name Trujillo Ramos, Robert Fernando
Relator term autor
245 1# - TITLE STATEMENT
Title Diseño de mezclas asfálticas en caliente "método Marshall" /
Statement of responsibility, etc. Robert Fernando Trujillo Ramos
260 ## - PUBLICATION, DISTRIBUTION, ETC.
Place of publication, distribution, etc. Lima :
Date of publication, distribution, etc. 2013
300 ## - PHYSICAL DESCRIPTION
Extent 126 h. :
Other physical details tabls., diagrs. ;
Dimensions 29 cm.
502 ## - DISSERTATION NOTE
Dissertation note Monografía de Titulación.-- Servicio Nacional de Capacitación para la Industria de la Construcción. Escuela Superior Técnica. Carrera Profesional Técnica en Laboratorio de Suelos, Concreto y Asfalto, 2013.
504 ## - BIBLIOGRAPHY, ETC. NOTE
Bibliography, etc. note Bibliografía: h. 125-126.
650 14 - SUBJECT ADDED ENTRY--TOPICAL TERM
9 (RLIN) 1255
Topical term or geographic name entry element Mezclas asfálticas
650 24 - SUBJECT ADDED ENTRY--TOPICAL TERM
9 (RLIN) 1259
Topical term or geographic name entry element Ensayos de materiales
650 20 - SUBJECT ADDED ENTRY--TOPICAL TERM
Topical term or geographic name entry element Agregados (Materiales de construcción)
9 (RLIN) 1257
650 24 - SUBJECT ADDED ENTRY--TOPICAL TERM
9 (RLIN) 1256
Topical term or geographic name entry element Técnicas y procedimientos de laboratorio
710 1# - ADDED ENTRY--CORPORATE NAME
Corporate name or jurisdiction name as entry element Servicio Nacional de Capacitación para la Industria de la Construcción.
Subordinate unit Escuela Superior Técnica
9 (RLIN) 1065
910 ## - USER-OPTION DATA (OCLC)
-- hfp
-- hfp
942 ## - ADDED ENTRY ELEMENTS (KOHA)
Koha item type Monografía de Titulación
Source of classification or shelving scheme Dewey Decimal Classification
Existencias
Fecha de la última vez que lo usaron Número de ingreso o de inventario Pago total Signatura topográfica completa Precio efectivo desde Tipo de documento Estado perdido Estado dañado No es para préstamo Retirado Ubicación permanente Ubicación actual Fecha de adquisición
24/07/2023 I-00099   I/LAB/2013/T83 24/07/2023 Monografía de Titulación         Biblioteca Central Lima Biblioteca Central Lima 24/07/2023